LEADER 01538nam0 22003493i 450 001 TO00100149 005 20231121125834.0 010 $a8845304388 100 $a20141021d1991 ||||0itac50 ba 101 | $aita 102 $ait 181 1$6z01$ai $bxxxe 182 1$6z01$an 200 1 $a˜La œsemplificazione dei processi aziendali$eprimo passo verso la qualità totale$fRoberto Berchi, Mario Fontanazza 210 $aMilano$cETAS libri$d1991 215 $aVIII, 215 p.$d24 cm 225 | $aCollana di informatica 410 0$1001TO00097509$12001 $aCollana di informatica 606 $aAziende Uso della tecnologia$2FIR$3RMLC399210$9I 606 $aOrganizzazione della produzione$2FIR$3RMLC399591$9I 676 $a658.5$9$v21 676 $a658.514$9$v20 700 1$aBerchi$b, Roberto$3BVEV008103$4070$0410041 701 1$aFontanazza$b, Mario$3BVEV008104$4070$0410042 801 3$aIT$bIT-01$c20141021 850 $aIT-FR0098 899 $aBiblioteca Area Giuridico Economica$bFR0098 912 $aTO00100149 950 0$aBiblioteca Area Giuridico Economica$d 53MAG MC 2 143$e 53VM 0000089465 VM A4 barcode:ECO009801. - Inventario:5261. - Fondo:Sala consultazioneVM$fA $h19990929$i20121204$d 53IMP 658.5/22$e 53VM 0000094675 VM barcode:ECO006495. - Inventario:3505. - Fondo:Sala consultazioneVM$fA $h19700101$i20121204 977 $a 53 996 $aSemplificazione dei processi aziendali$9614434 997 $aUNICAS LEADER 01357nam0 22002891i 450 001 UON00154723 005 20231205102937.116 100 $a20020130d1973 |0itac50 ba 101 $afre 102 $aKP 105 $a|||| 1|||| 200 1 $aOperons un nouveau tournant dans la production des articles de grande consommation grace au developpement de l'industrie locale. Discours prononcé à la Conference (...) le 27 février 1970$fKim Il Sung 210 $aPyongyang$cEditions en Langues Etrangères$d1973 215 $a53 p.$d21 cm 606 $aCorea$xStoria$xSec. XX-XXI$3UONC000407$2FI 606 $aKIM IL SUNG$xSCRITTI$xPENSIERO$3UONC005959$2FI 620 $dPyongyang$3UONL000199 686 $aCOR V$cCOREA - POLITOLOGIA$2A 700 0$aKIM Il Sung$3UONV002768$072117 712 $aForeign Languages Press$3UONV246351$4650 790 0$aKIM Il Song$zKIM Il Sung$3UONV160159 801 $aIT$bSOL$c20240220$gRICA 899 $aSIBA - SISTEMA BIBLIOTECARIO DI ATENEO$2UONSI 912 $aUON00154723 950 $aSIBA - SISTEMA BIBLIOTECARIO DI ATENEO$dSI COR V 015 $eSI SA 840 5 015 996 $aOperons un nouveau tournant dans la production des articles de grande consommation grace au developpement de l'industrie locale$91273863 997 $aUNIOR